There is a Fountain Lyrics Quiz - Statistics

General Stats
  • This quiz has been taken 9 times
  • The average score is 22 of 30
Answer Stats
Answer % Correct
And sinners plunged {beneath} {that} {flood}
100%
And {sinners} {plunged} beneath that flood
100%
And there have I, {though} {vile} as he
100%
{And} {there} have I, though vile as he
100%
{Lose} {all} their guilty stains
100%
Lose all their {guilty} {stains} (x3)
100%
There is a {fountain} {filled} with blood
100%
{Washed} all my sins away
100%
Washed {all} {my} {sins} away (x3)
100%
And {shall} {be} till I die (x3)
83%
{Drawn} {from} Immanuel's veins
83%
I'll sing {Thy} {power} to save
83%
I'll sing Thy power {to} {save} (x3)
83%
{Redeeming} love has been my theme
83%
Redeeming love has been {my} {theme}
83%
The {dying} {thief} rejoiced to see
83%
{Then} {in} {a} nobler, sweeter song
83%
Then in a {nobler}, {sweeter} song
83%
And shall be {till} {I} {die}
67%
{Are} {safe}, to sin no more
67%
Are safe, to {sin} {no} {more} (x3)
67%
Till all the ransomed {Church} {of} {God}
67%
Till all the {ransomed} church of God
67%
Lies silent in {the} {grave}
50%
That fountain in {His} {day}
50%
E'er since {by} {faith} I saw the stream
33%
Shall {never} {lose} its power
33%
Thy flowing {wounds} {supply}
33%
When this {poor} {lisping}, stammering tongue
33%
Dear {dying} {Lamb}, Thy precious blood
17%
No matching quizzes found
Score Distribution
Percent of People with Each Score
Percentile by Number Answered
Your Score History
You have not taken this quiz